| 000 | 00399nam a22001337a 4500 | ||
|---|---|---|---|
| 040 | _cNUST | ||
| 082 | _a200 THE | ||
| 100 |
_aOSAMA ALI KHAN _9118441 |
||
| 110 |
_aDR. KUNWAR FARAZ AHMED KHAN _9118442 |
||
| 245 | _aTH-SOF-2212-Z-Number Based Fuzzy Logic Approach for Mobile Robot Navigation | ||
| 260 |
_aISLAMABAD: _bNUST COLLEGE OF EME, _c2023 |
||
| 650 |
_aMS-MTS-20 _9107121 |
||
| 942 |
_2ddc _cTHE |
||
| 999 |
_c603386 _d603386 |
||